Sports Quiz

Random Sports or Clickable Quiz

Last Super Bowl Appearance by Team Quiz Stats

 Plays Quiz Updated Jan 25, 2021

Support Sporcle.
Go Orange.
Score 0/28 Timer 05:00
0 Plays Today
% Correct
New England Patriots
94.3%
Philadelphia Eagles
88.3%
Atlanta Falcons
80.9%
Denver Broncos
78.6%
Los Angeles Rams
78.1%
Seattle Seahawks
75.1%
Carolina Panthers
72.8%
San Francisco 49ers
66%
Baltimore Ravens
65.3%
Pittsburgh Steelers
57.6%
Green Bay Packers
55.9%
New Orleans Saints
54.4%
New York Giants
52.5%
Tampa Bay Buccaneers
51.9%
% Correct
Indianapolis Colts
50.6%
Las Vegas Raiders
47.2%
Arizona Cardinals
46.7%
Tennessee Titans
44.1%
Chicago Bears
43.4%
Buffalo Bills
41.7%
Dallas Cowboys
41.3%
New York Jets
41.1%
Kansas City Chiefs
38.8%
Washington Football Team
34.9%
Cincinnati Bengals
34%
Minnesota Vikings
32.6%
Miami Dolphins
31.3%
Los Angeles Chargers
26.7%

You're not logged in!

Compare scores with friends on all Sporcle quizzes.
OR
Log In

From the Vault

Greek God by 5 Word Description

by wezuri90

If we let the Greek Gods choose their own descriptors, we'd have a very different quiz.
Remove Ads.
Support Sporcle.
Get the best of Sporcle when you Go Orange. This ad-free experience offers more features, more stats, and more fun while also helping to support Sporcle. Thank you for becoming a member.

Show Comments

Extras

Top Quizzes Today


Score Distribution

Your Account Isn't Verified!

In order to create a playlist on Sporcle, you need to verify the email address you used during registration. Go to your Sporcle Settings to finish the process.

Report this User

Report this user for behavior that violates our Community Guidelines.

Details: